Detalles MARC
| 000 -LEADER |
| fixed length control field |
02764nam a2200289 a 4500 |
| 001 - CONTROL NUMBER |
| control field |
000012903 |
| 003 - CONTROL NUMBER IDENTIFIER |
| control field |
DO-SdBNP |
| 005 - DATE AND TIME OF LATEST TRANSACTION |
| control field |
20160901084033.0 |
| 007 - PHYSICAL DESCRIPTION FIXED FIELD--GENERAL INFORMATION |
| fixed length control field |
000012903 |
| 008 - FIXED-LENGTH DATA ELEMENTS--GENERAL INFORMATION |
| fixed length control field |
091118s2010 dr ac 000 0 spa d |
| 020 ## - INTERNATIONAL STANDARD BOOK NUMBER |
| International Standard Book Number |
994540010X (v. 1) |
| 020 ## - INTERNATIONAL STANDARD BOOK NUMBER |
| International Standard Book Number |
9945400118 (v. 2) |
| 020 ## - INTERNATIONAL STANDARD BOOK NUMBER |
| International Standard Book Number |
9945400126 (v. 3) |
| 020 ## - INTERNATIONAL STANDARD BOOK NUMBER |
| International Standard Book Number |
9945400134 (v. 4) |
| 040 ## - CATALOGING SOURCE |
| Original cataloging agency |
BPMSU |
| Language of cataloging |
spa |
| Transcribing agency |
BPMSU |
| 092 ## - LOCALLY ASSIGNED DEWEY CALL NUMBER (OCLC) |
| Classification number |
xxxx |
| Item number |
xxxx |
| 245 00 - TITLE STATEMENT |
| Title |
Lengua : |
| Remainder of title |
educación media / |
| Statement of responsibility, etc. |
Olimpia Sánchez... [et al ] ; fotografías Deyanira Féliz Moreno ; ilustraciones Ramón Sandoval |
| 260 ## - PUBLICATION, DISTRIBUTION, ETC. (IMPRINT) |
| Place of publication, distribution, etc. |
Santo Domingo : |
| Name of publisher, distributor, etc. |
Actualidad Escolar 2000, |
| Date of publication, distribution, etc. |
2010 |
| 300 ## - PHYSICAL DESCRIPTION |
| Extent |
4v. : |
| Other physical details |
il. ; |
| Dimensions |
29 cm. |
| 500 ## - GENERAL NOTE |
| General note |
Cada volumen contiene la guía metodológica |
| 505 0# - FORMATTED CONTENTS NOTE |
| Miscellaneous information |
v. 1 : Primer ciclo |
| Title |
ciudadanos e inmigrantes -- |
| -- |
Cazador de tendencias -- |
| -- |
Las predicciones de Julio Verne -- |
| -- |
Premiarán calidad en gestión pública -- |
| -- |
Las islas Galapagos -- |
| -- |
Turismo y comunidad -- |
| -- |
Educación y medio de comunicación -- |
| -- |
El papel de los intelectuales en la sociedad -- |
| -- |
El hombre se posee en la medida que posee su lenguaje -- |
| -- |
Ronda por el cuento brevísimo -- |
| -- |
Guayo o rayador taíno -- |
| -- |
Pulsaciones magnéticas que afectan el cerebro -- |
| Miscellaneous information |
v. 2 : Primer ciclo |
| Title |
Primeras graduadas del Instituto de Señoritas Salomé Ureña -- |
| -- |
Un encuentrro en la playa -- |
| -- |
Ouro preto -- |
| -- |
El hombre -- |
| -- |
La Vega -- |
| -- |
Hay un país en el mundo -- |
| -- |
Polémica sobre los test genéticos en selección de personal -- |
| -- |
Los resultados macroeconómicos del 2005 -- |
| -- |
El petróleo en nuestra vida -- |
| -- |
La agropecuaria mueve el 84% de la economía en Ocoa -- |
| -- |
Cañas y bueyes -- |
| -- |
La belleza masculina : un punto polémico -- |
| Miscellaneous information |
v. 3 : Segundo ciclo |
| Title |
De lo que pasó a un mozo que se casó con una mujer fuerte brava -- |
| -- |
¿ Cómo prevenir las causas que determinan una crisis económica? -- |
| -- |
Despúes de todo quizás seamos hermanos -- |
| -- |
La lteratura, ¿para qué? -- |
| -- |
El doctor Zhivago -- |
| -- |
RD pasará sin trauma el reto del libre comercio -- |
| -- |
El destino manifiesto -- |
| -- |
América -- |
| -- |
La soledad de América Latina -- |
| -- |
Los tres que echaron a Pedro en el pozo -- |
| -- |
Como si siempre les preocupara algo -- |
| -- |
La República entre yerros y complicidades -- |
| Miscellaneous information |
v. 4 : Segundo ciclo |
| Title |
Ciudades sin peatones -- |
| -- |
Las trampas de la economía -- |
| -- |
Los hombres y las matemáticas -- |
| -- |
El oro y la paz -- |
| -- |
Los amansadores -- |
| -- |
Entre Lucas y Juan Mejía -- |
| -- |
Documentos oficiales -- |
| -- |
Prosa poética. Género policial -- |
| -- |
Si alguien quiere saber cuál es mi patria -- |
| -- |
Bolívar -- |
| -- |
La fiesta del chivo -- |
| -- |
Medame Bovary -- |
| -- |
Otra manera de ser emigrante |
| 700 12 - ADDED ENTRY--PERSONAL NAME |
| Personal name |
Sánchez, Olimpia |
| 700 12 - ADDED ENTRY--PERSONAL NAME |
| Personal name |
Féliz Moreno, Deyanira |
| Relator term |
fot. |
| 700 12 - ADDED ENTRY--PERSONAL NAME |
| Personal name |
Sandoval, Ramón |
| Relator term |
il. |
| 942 ## - ADDED ENTRY ELEMENTS (KOHA) |
| Source of classification or shelving scheme |
Dewey Decimal Classification |
| Koha item type |
Libros |
| 956 ## - LOCAL ELECTRONIC LOCATION AND ACCESS (OCLC) |
| Host name |
VMATEO |
| Access number |
10 |
| Compression information |
20150813 |
| Logon |
BPMSU |
| Processor of request |
00151 |